| 000 | 01153naa a22003257a 4500 | ||
|---|---|---|---|
| 001 | BR8600201 | ||
| 003 | BR-BrBNA | ||
| 005 | 20240918175618.0 | ||
| 007 | ta | ||
| 008 | 230509b bl.||||| |||| 00| 0 por d | ||
| 040 |
_aBR-BrBNA _bpor _cBiblioteca Nacional de Agricultura |
||
| 041 | _a(Pt) | ||
| 072 |
_aF02; E16 _b0150 _bG514 |
||
| 090 | _aF02 BR8600201 | ||
| 100 | 1 | _aInfeld, J.A. | |
| 100 | 1 | _aSilveira Junior, P. | |
| 100 | 1 | _aZonta, E.P. | |
| 245 | 1 | _aPotencial de producao em funcao de epocas de semeadura | |
| 246 | 1 | _a[Production potentials as a function of the sowing times] | |
| 246 | 1 | _a[Fundamentals for irrigated rice crop] | |
| 260 | 3 |
_aCampinas, SP (Brasil): _bFundacao Cargill, _c1985. |
|
| 500 | _aFundamentos para a cultura do arroz irrigado Campinas, SP (Brasil): Fundacao Cargill, 1985. p. 95-112 (BR8600201-AM)F02 | ||
| 650 | _aARROZ IRRIGADO | ||
| 650 | _aPRODUTIVIDADE | ||
| 650 | _aSEMEADURA | ||
| 650 | _aRIO GRANDE DO SUL | ||
| 773 | 0 |
_tFundamentos para a cultura do arroz irrigado _wF02 BR8600201 _gCampinas, SP (Brasil), 1985. p. 95-112 |
|
| 909 |
_a202404 _bLucia _c55 _dLucia Elande |
||
| 942 |
_cAM _2AGRIS |
||
| 999 |
_c317458 _d317458 |
||